El progreso intelectual y político de Chile.
Uloženo v:
| Hlavní autor: | |
|---|---|
| Médium: | Kniha |
| Jazyk: | španělština |
| Vydáno: |
Santiago, Chile:
Nascimento,
1936.
|
| Témata: | |
| Tagy: |
Přidat tag
Žádné tagy, Buďte první, kdo vytvoří štítek k tomuto záznamu!
|
MARC
| LEADER | 00000nam a2200000 a 4500 | ||
|---|---|---|---|
| 001 | UCO1533 | ||
| 003 | CL-VaPUC | ||
| 005 | 20240709090821.0 | ||
| 008 | 000519e19360000CL |||||||||||||||||spa|d | ||
| 999 | |c 288144 |d 288142 | ||
| 040 | |c Pontificia Universidad Católica de Valparaíso | ||
| 082 | 0 | 4 | |a 983 AMU 1936 |2 21 |
| 100 | 0 | |a Amunátegui Solar, Domingo |e autor |9 443745 | |
| 245 | 1 | 3 | |a El progreso intelectual y político de Chile. |
| 260 | |a Santiago, Chile: |b Nascimento, |c 1936. | ||
| 300 | |a 175 páginas. | ||
| 500 | |a c.4 Donación Familia Prof. Alejandro Guzmán Brito. | ||
| 583 | |a last modification |c 20000519 00:00:00 |k Rodrigo Vera | ||
| 650 | 0 | |a Historia de Chile |9 265473 | |
| 650 | 0 | |a Desarrollo cultural |z Chile |9 267526 | |
| 650 | 0 | |a Desarrollo político |z Chile |9 323087 | |
| 650 | 0 | |a Educación pública |z Chile |9 309676 | |
| 650 | 0 | |a Iglesia y Estado |z Chile |9 254995 | |
| 852 | |a BIBCUR | ||
| 942 | |c BK |2 ddc |n 0 | ||
| 945 | |d 20000519 00:00:00 |a crobeson | ||
| 952 | |0 0 |1 0 |2 ddc |4 0 |6 983_000000000000000_AMU_1936 |7 0 |8 X |9 335542 |a BIBHIS |b BIBHIS |d 2019-11-20 |i 127581K |o 983 AMU 1936 |p 127581K |r 2024-01-30 |t 1 |w 2019-11-20 |y BK_X |k HIS | ||
| 952 | |0 0 |1 0 |2 ddc |4 0 |6 983_000000000000000_AMU_1936 |7 0 |8 X |9 335543 |a BIBHIS |b BIBHIS |d 2019-11-20 |i 1275992 |o 983 AMU 1936 |p 1275992 |r 2024-01-30 |t 2 |w 2019-11-20 |y BK_X |k HIS | ||
| 952 | |0 0 |1 0 |2 ddc |4 0 |6 983_000000000000000_AMU_1936 |7 0 |8 X |9 335544 |a FDOBUD |b FDOBUD |d 2019-11-20 |i 1004387 |o 983 AMU 1936 |p 1004387 |r 2019-11-20 |t 3 |w 2019-11-20 |y BK_X |k BUD | ||